[Event "Punkosdi Cup Senior"]
[Site "Sarvar"]
[Date "1998.05.24"]
[Round "3"]
[White "Szobi, Tibor"]
[Black "Fekete, Istvan1"]
[Result "1-0"]
[WhiteElo "2155"]
[BlackElo "2090"]
[PlyCount "87"]
[EventDate "1998.??.??"]
[EventType "tourn"]
[EventRounds "11"]
[EventCountry "HUN"]
[SourceTitle "EXT 2004"]
[Source "ChessBase"]
[SourceDate "2003.11.25"]
[SourceVersion "1"]
[SourceVersionDate "2003.11.25"]
[SourceQuality "1"]

1. e4 e6 2. d4 d5 3. Nd2 dxe4 4. Nxe4 Nd7 5. Nf3 Ngf6 6. Ng3 b6 7. Bb5 Bb7 8. 0-0 c6 9. Bd3 Bd6 10. Re1 Qc7 11. Nf5 0-0-0 12. Nxd6+ Qxd6 13. Ne5 Qf8 14. Bf4 g5 15. Nxd7 Nxd7 16. Bxg5 Re8 17. Qf3 Rg8 18. Bf4 Qg7 19. Bg3 Qxd4 20. Bxh7 Rxg3 21. Qxg3 Nf6 22. c3 Qd8 23. Rad1 Qe7 24. Bd3 c5 25. Re5 Rg8 26. Rg5 Rd8 27. f3 c4 28. Be2 Nd5 29. Rg8 Qc5+ 30. Kh1 Qe7 31. Rxd8+ Qxd8 32. Bxc4 Qe7 33. Bxd5 Bxd5 34. h4 Kb7 35. Rd4 f5 36. Qe5 Qc5 37. h5 Qf8 38. Rh4 Qh6 39. Qf4 Qf6 40. Qd4 Qg5 41. h6 Qc1+ 42. Kh2 Qe1 43. Qg7+ Ka6 44. Qg3 1-0

[Event "HUN-chT3"]
[Site "Hungary"]
[Date "1996.??.??"]
[Round "?"]
[White "Szobi, Tibor"]
[Black "Oltean, Gusztav"]
[Result "0-1"]
[WhiteElo "2230"]
[BlackElo "2290"]
[PlyCount "190"]
[EventDate "1996.??.??"]
[EventType "team-tourn"]
[EventRounds "9"]
[EventCountry "HUN"]
[SourceTitle "EXT 2001"]
[Source "ChessBase"]
[SourceDate "2000.11.22"]
[SourceVersion "1"]
[SourceVersionDate "2000.11.22"]
[SourceQuality "1"]

1. e4 c6 2. d4 d5 3. Nd2 dxe4 4. Nxe4 Nd7 5. Bd3 Ngf6 6. Nf3 Nxe4 7. Bxe4 Nf6 8. Bd3 Bg4 9. c3 Qd5 10. Be2 e6 11. 0-0 Bd6 12. h3 Bh5 13. Qb3 Qxb3 14. axb3 0-0 15. Re1 a6 16. g4 Bg6 17. Ne5 Bxe5 18. dxe5 Nd7 19. f4 Nc5 20. Bc4 Nd3 21. Bxd3 Bxd3 22. Be3 Bc2 23. b4 Rfd8 24. Bd4 Rd5 25. Kf2 a5 26. Re2 Bb3 27. h4 a4 28. h5 b5 29. f5 Rad8 30. Ke3 Re8 31. Kf4 Bc4 32. Re3 Red8 33. Rg1 Bb3 34. Rc1 Ra8 35. g5 exf5 36. Kxf5 Rd7 37. g6 fxg6+ 38. hxg6 Rf8+ 39. Kg5 h6+ 40. Kh4 Be6 41. Kg3 Rf5 42. Rg1 Rd8 43. Rf3 Rdf8 44. Rxf5 Bxf5 45. Bc5 Re8 46. Kf4 Bc2 47. Rg2 Bb1 48. Bd6 Re6 49. Ke3 Bxg6 50. Rf2 Bf7 51. Kd4 Re8 52. Kc5 Bd5 53. Kd4 g6 54. Ke3 Kg7 55. Kf4 Re6 56. Kg4 Re8 57. Kh4 g5+ 58. Kg4 Be6+ 59. Kh5 Bf7+ 60. Kg4 Re6 61. Bc5 Kg6 62. Bd4 h5+ 63. Kh3 Be8 64. Rf8 Bd7 65. Kh2 h4 66. Kg2 Re8 67. Rf6+ Kh5 68. Kh2 Be6 69. Be3 Bd5 70. Rf5 Rg8 71. Rf6 Kg4 72. e6 Re8 73. Rg6 Rxe6 74. Rxg5+ Kf3 75. Bg1 Re2+ 76. Kh3 Rxb2 77. Kxh4 a3 78. c4 Bxc4 79. Rg3+ Ke4 80. Rxa3 Rxb4 81. Bc5 Rb1 82. Be7 Kd5 83. Ra8 b4 84. Rb8 b3 85. Bf6 Bb5 86. Rd8+ Ke6 87. Bc3 b2 88. Bxb2 Rxb2 89. Kg3 Re2 90. Kf3 Re5 91. Kf4 Rd5 92. Re8+ Kd6 93. Rh8 Kc5 94. Ke4 Kb4 95. Rb8 Rd7 0-1

[Event "Gyongyos op"]
[Site "Gyongyos"]
[Date "1994.??.??"]
[Round "?"]
[White "Horvath, Zoltan"]
[Black "Szobi, Tibor"]
[Result "1-0"]
[WhiteElo "2350"]
[BlackElo "2280"]
[PlyCount "71"]
[EventDate "1994.08.??"]
[EventType "swiss"]
[EventRounds "9"]
[EventCountry "HUN"]
[SourceTitle "EXT 1998"]
[Source "ChessBase"]
[SourceDate "1997.11.17"]
[SourceVersion "1"]
[SourceVersionDate "1997.11.17"]
[SourceQuality "1"]

1. e4 e5 2. Nf3 Nc6 3. Bb5 a6 4. Ba4 Nf6 5. 0-0 b5 6. Bb3 Be7 7. Re1 0-0 8. c3 d6 9. h3 Be6 10. d4 Bxb3 11. Qxb3 Na5 12. Qc2 exd4 13. cxd4 c5 14. b3 Rc8 15. Qd2 c4 16. b4 Nc6 17. d5 Ne5 18. Nxe5 dxe5 19. Bb2 Bd6 20. Na3 Qc7 21. Bc3 Nh5 22. Nc2 Nf4 23. a4 Qe7 24. Qe3 Nd3 25. Reb1 f5 26. exf5 Rxf5 27. axb5 axb5 28. Ra7 Qf8 29. Rb7 Rxf2 30. Ne1 Rf1+ 31. Kh2 Rh1+ 32. Kxh1 Qf1+ 33. Kh2 Rf8 34. Nxd3 e4+ 35. Be5 Bxe5+ 36. Nxe5 1-0

[Event "Cseppko op 03rd"]
[Site "Aggtelek"]
[Date "1994.??.??"]
[Round "7"]
[White "Krutti, Valer"]
[Black "Szobi, Tibor"]
[Result "1-0"]
[WhiteElo "2430"]
[BlackElo "2280"]
[PlyCount "81"]
[EventDate "1994.??.??"]
[EventType "swiss"]
[EventRounds "9"]
[EventCountry "HUN"]
[SourceTitle "EXT 1999"]
[Source "ChessBase"]
[SourceDate "1998.11.16"]
[SourceVersion "1"]
[SourceVersionDate "1998.11.16"]
[SourceQuality "1"]

1. d4 g6 2. c4 Bg7 3. Nc3 d6 4. e4 Nc6 5. Be3 e5 6. Nge2 Nf6 7. d5 Ne7 8. f3 Nd7 9. Nc1 f5 10. Nd3 0-0 11. Be2 f4 12. Bf2 Nf6 13. c5 g5 14. g4 fxg3 15. hxg3 Ng6 16. Qd2 g4 17. f4 exf4 18. gxf4 Qe7 19. Qe3 Re8 20. f5 g3 21. fxg6 gxf2+ 22. Qxf2 h6 23. Rh4 b6 24. cxd6 cxd6 25. Bf3 Bd7 26. 0-0-0 Rac8 27. Kb1 Rf8 28. Rf4 Qe8 29. Rg1 Bb5 30. Nxb5 Qxb5 31. Qd2 Nd7 32. Bg4 Rc3 33. Be6+ Kh8 34. Rxf8+ Nxf8 35. Nf4 Rf3 36. Ne2 Nxe6 37. dxe6 Qe5 38. Nd4 Qxe4+ 39. Qc2 Qxd4 40. Re1 Rf2 41. e7 1-0

[Event "Cseppko op 03rd"]
[Site "Aggtelek"]
[Date "1994.??.??"]
[Round "6"]
[White "Szobi, Tibor"]
[Black "Kovacs, Aladar"]
[Result "1-0"]
[WhiteElo "2280"]
[BlackElo "2205"]
[PlyCount "109"]
[EventDate "1994.??.??"]
[EventType "swiss"]
[EventRounds "9"]
[EventCountry "HUN"]
[SourceTitle "EXT 1999"]
[Source "ChessBase"]
[SourceDate "1998.11.16"]
[SourceVersion "1"]
[SourceVersionDate "1998.11.16"]
[SourceQuality "1"]

1. d4 Nf6 2. c4 e6 3. Nf3 c5 4. d5 exd5 5. cxd5 d6 6. Nc3 g6 7. e4 Bg7 8. Bd3 a6 9. a4 Bg4 10. 0-0 0-0 11. h3 Bxf3 12. gxf3 Nbd7 13. f4 Qe7 14. Qf3 Rae8 15. Bd2 c4 16. Bc2 Nh5 17. Rae1 Bh6 18. Bc1 Qf6 19. Qg4 Re7 20. Ne2 Qh8 21. Ng3 Nxg3 22. Qxg3 Bg7 23. Qa3 Bd4 24. Be3 Bxe3 25. Rxe3 Qf6 26. Rf3 b5 27. Qc3 Qxc3 28. Rxc3 Nc5 29. Ra1 Nxe4 30. Re3 Rfe8 31. Rae1 f5 32. f3 bxa4 33. fxe4 fxe4 34. Rxe4 Rxe4 35. Rxe4 Rb8 36. Rxc4 Rxb2 37. Bxa4 Rd2 38. Bc6 Kf7 39. Ra4 h5 40. Rxa6 Rd4 41. Ra4 Rd3 42. Kg2 Kf6 43. Re4 h4 44. Re6+ Kf5 45. Rxd6 Rg3+ 46. Kf2 Kxf4 47. Rf6+ Ke5 48. Rf3 Rg5 49. Re3+ Kd6 50. Re4 Rf5+ 51. Ke2 g5 52. Re6+ Kc5 53. Rg6 Rf4 54. Rxg5 Rb4 55. Rg4 1-0